|
|
|
|
| LEADER |
01144nam a22003252i 4500 |
| 001 |
001510026 |
| 003 |
CZ BrMZK |
| 005 |
20160616101607.0 |
| 007 |
ta |
| 008 |
160209s1987 li a er|||||||||||lit d |
| 040 |
|
|
|a ABA001
|b cze
|c ABA001
|d ABA001
|d ABD001
|d BOA001
|e rda
|
| 041 |
0 |
|
|a lit
|b rus
|
| 072 |
|
7 |
|a 316.3
|x Globální společnosti. Sociální struktura. Sociální skupiny
|2 Konspekt
|9 18
|
| 080 |
9 |
|
|a 947.45+572.9(=882)
|
| 245 |
0 |
0 |
|a Lietuvių etnogenezė /
|c [redaktorių kolegija R. Volkaité-Kulikauskiené]
|
| 264 |
|
1 |
|a Vilnius :
|b Mokslas,
|c 1987
|
| 300 |
|
|
|a 254 stran :
|b ilustrace
|
| 336 |
|
|
|a text
|b txt
|2 rdacontent
|
| 337 |
|
|
|a bez média
|b n
|2 rdamedia
|
| 338 |
|
|
|a svazek
|b nc
|2 rdacarrier
|
| 504 |
|
|
|a Obsahuje bibliografie
|
| 546 |
|
|
|a Ruské resumé
|
| 650 |
0 |
7 |
|a archeologie
|7 ph118578
|2 czenas
|
| 650 |
0 |
7 |
|a etnogeneze
|7 ph120015
|2 czenas
|
| 650 |
0 |
7 |
|a Litevci
|7 ph117712
|2 czenas
|
| 700 |
1 |
|
|a Kulikauskienė, Regina,
|d 1916-2007
|7 mub2015892396
|4 aut
|
| 910 |
|
|
|a BOA001
|b M2-0924.197
|
| 990 |
|
|
|a BK
|
| 991 |
|
|
|b 201602
|
| 996 |
7 |
|
|b 2619147941
|c M2-0924.197
|l MZK
|r Sklad / do 24 hodin
|n 0
|w 001545342
|u 000010
|a 1
|e BOA001
|j MZK50
|s A
|